|
|
|
|
| LEADER |
00000nam0a2200000 4500 |
| 001 |
159193 |
| 005 |
20231101222106.0 |
| 035 |
|
|
|a (RuTPU)RU\TPU\book\172651
|
| 090 |
|
|
|a 159193
|
| 100 |
|
|
|a 20090506d2008 m y0rusy50 ca
|
| 101 |
0 |
|
|a rus
|
| 102 |
|
|
|a RU
|
| 105 |
|
|
|a a j 001zy
|
| 200 |
1 |
|
|a Волновые и винтовые механизмы и передачи
|e учебное пособие
|f В. С. Янгулов
|g Томский политехнический университет (ТПУ)
|
| 210 |
|
|
|a Томск
|c Изд-во ТПУ
|d 2008
|
| 215 |
|
|
|a 190 с.
|c ил.
|
| 320 |
|
|
|a Библиогр.: с. 186-189.
|
| 330 |
|
|
|a В учебном пособии приводятся сведения о волновых и винтовых механизмах и передачах, которые находят широкое применение в различных областях техники. Одним из основных направлений применения этих механизмов является использование их в приводах с высокими значениями параметров по точности перемещений выходного звена и по долговечности. Приведённые методики расчётов апробированы при создании реальных конструкций редукторов, которые внедрены в состав космических аппаратов. Методики обеспечивают качественный расчёт параметров передач на стадии проектирования. Пособие рассчитано на студентов, проходящих обучение по магистерской программе «Системы ориентации, стабилизации и навигации», аспирантов, преподавателей вузов, специализирующихся в данной области техники, и может использоваться инженерами-практиками, занимающимися разработкой высокоточных редукторов с длительным ресурсом.
|
| 488 |
|
1 |
|0 (RuTPU)RU\TPU\book\179496
|t Волновые и винтовые механизмы и передачи
|o учебное пособие
|c Томск
|n Изд-во ТПУ
|d 2008
|a Янгулов, Владимир Степанович
|
| 606 |
1 |
|
|a Винтовые передачи
|2 stltpush
|3 (RuTPU)RU\TPU\subj\2537
|9 31094
|
| 606 |
1 |
|
|a Зубчатые передачи волновые
|2 stltpush
|3 (RuTPU)RU\TPU\subj\12116
|9 38964
|
| 610 |
1 |
|
|a приборные редукторы
|
| 610 |
1 |
|
|a геометрические параметры
|
| 610 |
1 |
|
|a кинематические параметры
|
| 610 |
1 |
|
|a расчет
|
| 610 |
1 |
|
|a материалы
|
| 610 |
1 |
|
|a смазки
|
| 610 |
1 |
|
|a схемы
|
| 610 |
1 |
|
|a винтовые механизмы
|
| 610 |
1 |
|
|a шариковинтовые механизмы
|
| 610 |
1 |
|
|a винтовые канавки
|
| 610 |
1 |
|
|a учебные пособия
|
| 610 |
1 |
|
|a труды учёных ТПУ
|
| 675 |
|
|
|a 621.833-182(075.8)
|v 3
|
| 675 |
|
|
|a 621.833.3(075.8)
|v 3
|
| 700 |
|
1 |
|a Янгулов
|b В. С.
|c специалист в области точного приборостроения
|c старший преподаватель Томского политехнического университета, кандидат технических наук
|f 1946-
|g Владимир Семенович
|2 stltpush
|3 (RuTPU)RU\TPU\pers\25479
|
| 712 |
0 |
2 |
|a Томский политехнический университет (ТПУ)
|c (1991- )
|2 stltpush
|3 (RuTPU)RU\TPU\col\376
|
| 801 |
|
1 |
|a RU
|b 63413507
|c 20090506
|g PSBO
|
| 801 |
|
2 |
|a RU
|b 63413507
|c 20150708
|g PSBO
|
| 942 |
|
|
|c BK
|